• 首页
  • 本馆介绍
  • 公告通知
  • 最新文献
  • 馆藏检索
  • 电子资源
  • 读者导购
  • 参考咨询
  • 我的图书馆
  • 登录
  • 详细信息显示
  • 放入我的书架
  • 预约/预借图书
  • 作者相关作品
  • 分类相关作品
  • 丛书相关作品
  • 出版社相关作品

书目信息

  • 表格格式
  • 工作单格式
  • 卡片格式
题名:
普林斯顿大学
    
 
作者: 刘彦慧 编著
分册:  
出版信息: 北京   现代出版社  2013
页数: 184页
开本: 23cm
丛书名: 未来领袖摇篮系列丛书
单 册:
中图分类: G649.712.8 , K837.120 , G649.712
科图分类:
主题词:
电子资源:
ISBN: 978-7-5143-1380-2
000 01014nam0 2200289 450
001 2374793992
005 20231209193524.06
010    @a978-7-5143-1380-2@dCNY32.00
100    @a20140429d2013 demy0chiy50 ea
101 0  @achi
102    @aCN@b110000
105    @aa z 000yd
200 1  @a普林斯顿大学@Apu lin si dun da xue@e国家与世界@dPrinceton University@ethe nation and the world@f刘彦慧编著@zeng
210    @a北京@c现代出版社@d2013
215    @a184页@c照片@d23cm
225 2  @a未来领袖摇篮系列丛书
330    @a本书选择了几位最具代表性的经济、文化、政治、军事领袖人物的生平和杰出的事迹,反映了普林斯顿大学是培养未来领袖的摇篮。
410  0 @12001 @a未来领袖摇篮系列丛书
510 1  @aPrinceton University@ethe nation and the world@zeng
601 02 @a普林斯顿大学@x概况
601 02 @a普林斯顿大学@x校友@x生平事迹
690    @aG649.712.8@v5
690    @aK837.120@v5
690    @aG649.712@v4
701  0 @a刘彦慧@Aliu yan hui@4编著
801  0 @aCN@bNLC@c20140429
905    @aZUCC@dG649.712@e285
    
    普林斯顿大学:国家与世界=Princeton University:the nation and the world/刘彦慧编著.-北京:现代出版社,2013
    184页:照片;23cm.-(未来领袖摇篮系列丛书)
    
    
    ISBN 978-7-5143-1380-2:CNY32.00
    本书选择了几位最具代表性的经济、文化、政治、军事领袖人物的生平和杰出的事迹,反映了普林斯顿大学是培养未来领袖的摇篮。
●
相关链接 在五车中查询图书 在当当中查询图书 在豆瓣中查询图书


正题名:普林斯顿大学     索取号:G649.712/285         预约/预借

序号 登录号 条形码 馆藏地/架位号 状态 备注
1 2001034802   2001034802   第四书库/四8架A面6层3列/ [索取号:G649.712/285] 在馆    
2 2001034803   2001034803   第四书库/四8架A面6层3列/ [索取号:G649.712/285] 在馆    
3 2001034804   2001034804   第四书库/四8架A面6层3列/ [索取号:G649.712/285] 在馆    
4 2001034805   2001034805   第四书库/四8架A面6层3列/ [索取号:G649.712/285] 在馆    
5 2001034806   2001034806   第四书库/四8架A面6层3列/ [索取号:G649.712/285] 在馆    
6 2001034807   2001034807   第四书库/四8架A面6层3列/ [索取号:G649.712/285] 在馆    
山东省滨州职业学院图书馆 欢迎您!
大连网信软件有限公司© 版权所有